| 000 | 00495nam a2200181Ia 4500 | ||
|---|---|---|---|
| 008 | 210719s2002 xx 000 0 und d | ||
| 020 | _a8120320824 | ||
| 041 | _aeng | ||
| 082 | _a511KAK KOLD | ||
| 100 | _aKOLMAN (Bernard) & others. | ||
| 245 | _aDiscrete mathematical structures. Ed.4 | ||
| 250 | _a4 | ||
| 260 |
_aND _bPrentice-Hall of India Private Limited _c2002 |
||
| 300 |
_aXIV,505 _bPB |
||
| 365 |
_b195 _cRs |
||
| 650 | _aMathematics | ||
| 906 | _aMathematics maths discrete maths | ||
| 999 |
_c213660 _d213660 |
||